Statistics for Every Wrestler to Compete on WWE Superstars

Click here to take the quiz!

General Stats

  • This quiz has been taken 137 times
  • The average score is 67 of 148

Answer Stats

Date of First MatchWrestler% Correct
September 10, 2009Slam Master J
90%
April 23, 2009Kane
89%
May 28, 2009John Cena
88%
July 30, 2009Randy Orton
88%
April 23, 2009The Big Show
83%
September 10, 2009The Miz
83%
April 23, 2009Edge
82%
April 23, 2009CM Punk
80%
April 16, 2009The Undertaker
80%
June 4, 2009Dolph Ziggler
77%
April 23, 2009Kofi Kingston
77%
May 7, 2009Chris Jericho
76%
April 16, 2009Christian
76%
February 24, 2011Heath Slater
76%
April 16, 2009Cody Rhodes / Stardust
74%
April 23, 2009Rey Mysterio
74%
August 13, 2009Sheamus
74%
May 7, 2009John Morrison
73%
July 7, 2011Wade Barrett
73%
May 14, 2009Mark Henry
70%
January 6, 2011Daniel Bryan
69%
June 4, 2009Jeff Hardy
69%
February 24, 2011Justin Gabriel
69%
April 16, 2009Matt Hardy
69%
August 23, 2013Big E Langston
68%
May 28, 2009Jack Swagger
68%
April 30, 2009Ted DiBiase
68%
May 24, 2012Antonio Cesaro
67%
October 22, 2009Drew McIntyre
66%
February 4, 2010The Great Khali
66%
May 7, 2009Santino Marella
64%
March 13, 2014Alberto Del Rio
63%
June 11, 2009Brie Bella
63%
June 11, 2009Nikki Bella
63%
June 4, 2009R-Truth
63%
August 30, 2012Ryback
63%
June 23, 2011AJ Lee
62%
June 4, 2009Goldust
62%
June 17, 2010Jey Uso
62%
June 17, 2010Jimmy Uso
62%
June 25, 2009MVP
62%
December 20, 2013Xavier Woods
62%
June 2, 2011Michael McGillicutty / Curtis Axel
61%
July 19, 2012Sin Cara
61%
June 11, 2009Zack Ryder
61%
April 23, 2009Tyson Kidd
60%
April 16, 2009Finlay
59%
October 20, 2011Jinder Mahal
58%
September 8, 2011Titus O'Neil
58%
April 30, 2009Carlito
57%
October 7, 2010Darren Young
57%
April 23, 2009Natalya
57%
October 16, 2014Bo Dallas
56%
May 13, 2010Curt Hawkins
54%
June 2, 2011David Otunga
54%
October 22, 2009Ezekiel Jackson
54%
May 28, 2009Primo / Diego
53%
June 18, 2009Chavo Guerrero
52%
November 17, 2011Epico / Fernando
52%
September 15, 2011Johnny Curtis / Fandango
52%
March 13, 2015Kalisto
52%
June 17, 2016Sasha Banks
52%
September 18, 2014Erick Rowan
51%
May 8, 2014Paige
51%
May 14, 2009Shelton Benjamin
51%
May 7, 2009Beth Phoenix
50%
May 7, 2009Kelly Kelly
50%
June 18, 2009Layla
50%
September 18, 2014Luke Harper
50%
May 21, 2009William Regal
50%
July 15, 2016Becky Lynch
49%
July 15, 2016Sami Zayn
49%
October 15, 2009Vladimir Kozlov
48%
April 23, 2009Hornswoggle
47%
April 30, 2009Michelle McCool
47%
September 2, 2016Rusev
47%
February 3, 2011Tamina Snuka
47%
July 16, 2009JTG
46%
February 22, 2013Naomi
46%
April 30, 2009Alicia Fox
44%
August 4, 2011Brodus Clay
43%
June 4, 2009David Hart Smith
43%
April 30, 2009Evan Bourne
43%
July 16, 2009Shad Gaspard
42%
February 25, 2010Luke Gallows
40%
October 4, 2013Rob Van Dam
40%
June 12, 2014Adam Rose
38%
August 16, 2012Damien Sandow
38%
June 18, 2009Eve Torres
38%
July 30, 2009Yoshi Tatsu
38%
February 21, 2014Eva Marie
37%
August 13, 2009Mickie James
37%
January 8, 2016Tyler Breeze
37%
June 17, 2016Baron Corbin
36%
May 21, 2009Tommy Dreamer
36%
September 16, 2016Braun Strowman
34%
May 17, 2012Lord Tensai
34%
September 24, 2009Melina
34%
July 10, 2015Neville
34%
July 28, 2011Alex Riley
32%
November 13, 2015Bubba Ray Dudley
31%
May 28, 2009Charlie Haas
31%
February 22, 2013Cameron
30%
August 6, 2009Chris Masters
30%
November 13, 2015D-Von Dudley
30%
March 6, 2015Konnor
30%
June 4, 2009Brian Kendrick
29%
May 13, 2010Maryse
29%
December 15, 2011Hunico
28%
September 8, 2011Mason Ryan
28%
August 6, 2009Mike Knox
28%
March 6, 2015Viktor
28%
December 20, 2013Summer Rae
27%
July 2, 2009Tyler Reks
27%
April 16, 2009Shane McMahon
26%
April 30, 2009Gail Kim
24%
June 4, 2009Jamie Noble
24%
May 7, 2009Rosa Mendes
24%
June 23, 2011Kaitlyn
23%
December 17, 2009Vance Archer
23%
August 21, 2014El Torito
21%
January 7, 2010Jillian Hall
21%
April 30, 2009Maria
20%
February 16, 2012Aksana
19%
November 4, 2016Dana Brooke
18%
March 27, 2014Emma
18%
April 1, 2010Trent Barreta
18%
May 6, 2016Apollo Crews
17%
October 21, 2016Nia Jax
17%
August 27, 2009The Hurricane
17%
October 28, 2016Cedric Alexander
16%
April 26, 2012Camacho
14%
January 7, 2010Caylen Croft
14%
July 16, 2009Katie Lea Burchill
14%
June 25, 2009Jimmy Wang Yang
13%
October 28, 2016Lince Dorado
13%
April 30, 2009Paul Burchill
13%
July 19, 2012Derrick Bateman
12%
October 22, 2009Eric Escobar
12%
September 8, 2011Percy Watson
12%
February 16, 2012Maxine
11%
November 4, 2010Kaval
9%
October 28, 2016Drew Gulak
8%
July 2, 2009Ricky Ortiz
8%
October 28, 2016Tony Nese
8%
June 3, 2010Tiffany
6%
October 28, 2016Ariya Daivari
3%
July 19, 2013The Brooklyn Brawler
1%

Score Distribution

Percentile by Number Answered

Percent of People with Each Score

Your Score History

You have not taken this quiz